00811nam a22002297a 450000500170000001000130001702000240003003500130005403700160006704000120008308200160009510000250011124500830013626000420021927000610026130000250032265000380034765000180038594200250040399900190042895201340044720170124110225.0 aB-091824 c1300.00a8187498870 aB-091824 aCen Lib/Ret aDPLbEN a342.06bJAI aJai, Janak Raj95661 aCommissions and omissions in the administration of justice /cby Janak Raj Jai aNew DelhibRegency Publicationsc2003 bNew Delhia110008e20/36-G, Old Market, West Patel Nagar avii,530p. c23cm(Hb) aJustice, Administration of940542 aCourts940543 2ddccENh342.06mJAI c134370d134370 001040718REFaLbLd2015-07-29eCen Lib/Retg1300.00l0o342.06 JAIpB-091824r2015-07-29 00:00:00t1v1300.00w2015-07-29yEN